000 00718nam a2200241 a 4500
001 BRCA_7742
005 20190320205955.0
008 060913s1955----po-a######---#000-0#por-#
041 _apor
044 _apo
050 4 _aN3236
_b.C37 1955
245 1 0 _aCasa-Museu de Guerra Junqueiro
_bguia do visitante.
250 _a2
260 _aOporto, Portugal
_bCamara Municipal do Porto
_c1955
300 _a67 p.
_bil., retratos
_c19 cm.
500 _aU91
600 1 4 _aGuerra Junqueiro, Abilio
_d1850-1923
_919157
610 2 4 _aCasa-Museu de Guerra Junqueiro (Oporto, Portugal)
_919158
650 1 4 _aArte
_zOporto, Portugal
_919159
650 1 4 _aGalerĂ­as y museos
_zPortugal
_919160
902 _aGFM
942 _2lcc
_cB
999 _c7416
_d7416